[Event "Rector Cup 2011"]
[Site "Kharkov UKR"]
[Date "2011.02.15"]
[Round "2"]
[White "Aveskulov,V"]
[Black "Yuffa,D"]
[Result "1-0"]
[WhiteElo "2538"]
[BlackElo "2285"]

1.e4 c5 2.Nf3 d6 3.d4 cxd4 4.Nxd4 Nf6 5.Nc3 Nc6 6.Bg5 a6 7.Qd2 Nxd4 8.Qxd4 Qa5
9.Bd2 e5 10.Qd3 Be6 11.Nd5 Qd8 12.c4 Bxd5 13.cxd5 Be7 14.g3 Qd7 15.h4 O-O
16.a4 Bd8 17.Bh3 Qe7 18.Be3 h5 19.Bg5 Qc7 20.O-O Ng4 21.Bd2 Qb6 22.Qc2 g6
23.Bxg4 hxg4 24.Bh6 Re8 25.b4 Be7 26.Rfc1 Bf8 27.Be3 Qxb4 28.Rab1 Qa3 29.Ra1 Qb4
30.Rcb1 Rec8 31.Qxc8 Qxb1+ 32.Rxb1 Rxc8 33.Rxb7 Rc4 34.a5 Rxe4 35.Rb8 Kg7
36.Ra8 f5 37.Rxa6 f4 38.Ra7+ Kf6 39.Bb6 Re1+ 40.Kh2 Bh6 41.Rh7 fxg3+ 42.Kxg3 Bf4+
43.Kxg4 Rg1+ 44.Kf3 g5 45.hxg5+ Bxg5 46.a6 Ra1 47.a7  1-0

[Event "ch-ROU Women"]
[Site "Sarata Monteoru ROU"]
[Date "2011.02.16"]
[Round "5.4"]
[White "Padurariu,I"]
[Black "Mosnegutu,M"]
[Result "1-0"]
[WhiteElo "2160"]
[BlackElo "2178"]

1.e4 c5 2.Nf3 d6 3.d4 cxd4 4.Nxd4 Nf6 5.Nc3 Nc6 6.Bg5 Bd7 7.Qd2 Qa5 8.Nb3 Qd8
9.f3 Rc8 10.h4 a5 11.Bb5 Ne5 12.Qe2 h6 13.Be3 e6 14.O-O-O Rxc3 15.bxc3 a4
16.Nd4 d5 17.Bf4 Ba3+ 18.Kd2 Ng6 19.Be3 dxe4 20.Bxd7+ Qxd7 21.Qb5 exf3 22.gxf3 O-O
23.Qxd7 Nxd7 24.Nb5 Be7 25.Ke2 Nde5 26.h5 Nh4 27.Nd4 Nc4 28.Bc1 e5 29.Nb5 Nf5
30.Rhg1 Bc5 31.Rg4 Nce3 32.Rd7 Nxc2 33.Rxb7 Rd8 34.Rc7 Bb6 35.Rc6 Be3 36.Bxe3 Ncxe3
37.Rxa4 Nd5 38.Rc5 Ng3+ 39.Kf2 Nxh5 40.Rac4 Nb6 41.Re4 Nf4 42.Rc6 Nbd5 43.a4 f5
44.Rec4 Nd3+ 45.Kg1 Rd7 46.Rd6 Rxd6 47.Rc8+ Kh7 48.Nxd6 Nb6 49.Rc7 Nxa4 50.Nxf5 Kg6
51.Nxg7 Nf4 52.c4 h5 53.Ne8 h4 54.Rg7+ Kf5 55.Nd6+ Ke6 56.Ne4 Nb2 57.c5 Kd5
58.Rd7+ Kc6 59.Rd6+ Kc7 60.Nc3 Nbd3 61.Nb5+ Kc8 62.c6  1-0

[Event "Rector Cup 2011"]
[Site "Kharkov UKR"]
[Date "2011.02.17"]
[Round "4"]
[White "Petr,Ma"]
[Black "Yuffa,D"]
[Result "1-0"]
[WhiteElo "2484"]
[BlackElo "2285"]

1.e4 c5 2.Nf3 Nc6 3.d4 cxd4 4.Nxd4 Nf6 5.Nc3 d6 6.Bg5 Bd7 7.Qd2 Rc8 8.f4 h6
9.Bxf6 gxf6 10.O-O-O Nxd4 11.Qxd4 Qa5 12.Kb1 Qc5 13.Qd2 Bg7 14.Nd5 f5 15.e5 dxe5
16.Nb6 Be6 17.Nxc8 O-O 18.Nxe7+ Qxe7 19.fxe5 Qc7 20.Re1 Bxe5 21.Bd3 Bg7 22.a3 a5
23.Qf2 Qc6 24.Rd1 Rc8 25.Rhf1 Qd5 26.c4 Qe5 27.Rd2 Rd8 28.Rfd1 b5 29.Qe2 Qc5
30.cxb5 Re8 31.Qf3 Bb3 32.Bc2 Bxc2+ 33.Rxc2 Qxb5 34.Qd5 Qa4 35.Qc6 Qe4 36.Qxe4 fxe4
37.Re2 Re5 38.Rd4 f5 39.g4 fxg4 40.Rdxe4 Rg5 41.Rg2 h5 42.h3 Be5 43.hxg4 h4
44.Re3 Bf6 45.Rf3 Be7 46.Kc2 Kg7 47.Kd3 Rb5 48.Rc2 Bd6 49.Ke2 Rd5 50.Rc6 Bg3
51.Rb3 Rd7 52.Kf3 Rf7+ 53.Kg2 Rf2+ 54.Kg1 Rf7 55.Rd3 Re7 56.g5 Bf4 57.g6 a4
58.Kg2 Bg3 59.Kh3 Rb7 60.Rd4 Be1 61.Rxa4 Rb3+ 62.Kg4 h3 63.Ra7+  1-0

[Event "ch-ROU Men"]
[Site "Sarata Monteoru ROU"]
[Date "2011.02.17"]
[Round "7.24"]
[White "Bida,M"]
[Black "Senetia,T"]
[Result "1/2-1/2"]
[WhiteElo "2024"]
[BlackElo "2218"]

1.e4 c5 2.Nf3 d6 3.d4 cxd4 4.Nxd4 Nf6 5.Nc3 Nc6 6.Bg5 e6 7.Qd2 a6 8.O-O-O h6
9.Be3 Ng4 10.f4 Nxe3 11.Qxe3 Be7 12.Kb1 Bd7 13.f5 b5 14.fxe6 fxe6 15.Qh3 Nxd4
16.Qh5+ Kf8 17.Rxd4 Qb6 18.Rd3 Kg8 19.Rf3 Rf8 20.Rxf8+ Bxf8 21.Bd3 Qc5 22.Qf3 Be8
23.Rf1 Be7 24.e5 d5 25.Ne2 h5 26.Nf4 Rh6 27.g4 hxg4 28.Qxg4 Qe3 29.Bg6 Bxg6
30.Nxg6 Bc5 31.h4 Qe4 32.Qxe6+ Kh7 33.Qc8 Rxg6 34.Qxc5 Qxe5 35.a3 Rh6 36.Rd1 Rxh4
37.Rxd5 Qe4 38.Ka2 Qe6 39.b3 Rh6 40.Rh5 Rxh5 41.Qxh5+ Kg8 42.Qg5 g6 43.Qd8+ Kf7
44.Qc7+ Kf6 45.Qf4+ Qf5 46.Qd6+ Kg7 47.Qe7+ Kh6 48.Qh4+ Qh5 49.Qf6 Qc5 50.Kb2 Qc8
51.Qh4+ Kg7 52.Qe7+  1/2-1/2

[Event "ch-St Petersburg S/F 2011"]
[Site "St Petersburg RUS"]
[Date "2011.02.18"]
[Round "8.17"]
[White "Kadyrov,A"]
[Black "Fateev,M"]
[Result "1-0"]
[WhiteElo "2153"]
[BlackElo "2102"]

1.e4 c5 2.Nf3 d6 3.d4 cxd4 4.Nxd4 Nf6 5.Nc3 Nc6 6.Bg5 e6 7.Qd2 Be7 8.O-O-O a6
9.f4 Qc7 10.Kb1 Bd7 11.Bxf6 gxf6 12.f5 Rc8 13.Nxc6 Bxc6 14.Be2 O-O 15.Rhf1 Rfd8
16.Bg4 Bd7 17.Qh6 Bf8 18.Qh4 Bg7 19.Qg3 exf5 20.Bxf5 Bxf5 21.Rxf5 b5 22.Qd3 Qc4
23.Nd5 Kh8 24.b3 Qxd3 25.cxd3 Rc5 26.b4 Rc6 27.Rc1 Rdc8 28.Rxc6 Rxc6 29.Rf2 Kg8
30.Ne7+  1-0

[Event "TCh-HUN 2010-11"]
[Site "Budapest HUN"]
[Date "2011.02.20"]
[Round "6"]
[White "Medvegy,N"]
[Black "Liptay,L"]
[Result "1-0"]
[WhiteElo "2336"]
[BlackElo "2346"]

1.e4 c5 2.Nf3 Nc6 3.d4 cxd4 4.Nxd4 Nf6 5.Nc3 d6 6.Bg5 e6 7.Qd2 Be7 8.O-O-O Nxd4
9.Qxd4 O-O 10.f4 Qa5 11.Bc4 Bd7 12.e5 dxe5 13.fxe5 Bc6 14.Bd2 Nd7 15.Nd5 Qd8
16.Nxe7+ Qxe7 17.Rhe1 Nb6 18.Bf1 Rfd8 19.Qg4 Rac8 20.Bb4 Rxd1+ 21.Rxd1 Qe8
22.b3 Nd5 23.Bd2 b5 24.Kb2 b4 25.Ba6 Rc7 26.a3 Nc3 27.Ra1 bxa3+ 28.Rxa3 Ne4
29.Be3 Qf8 30.Qh4 f5 31.exf6 Qxf6+ 32.Qxf6 Nxf6 33.Bc4 Kf7 34.g3 Ng4 35.Bf4 Rb7
36.h4 Nf6 37.Be3 h5 38.Rxa7 Rxa7 39.Bxa7 Ne4 40.Bb8 g5 41.hxg5 Nxg5 42.Bf4 Ne4
43.Be5 Kg6 44.Bxe6 Ng5 45.Bc8 Nf3 46.Bc7 h4 47.gxh4 Nxh4 48.c4 Nf5 49.b4 Ne7
50.Bh3 Kf7 51.b5 Bf3 52.Kc3 Ke8 53.Kb4 Be4 54.Ka5  1-0

[Event "US Amateur Team-ch East"]
[Site "Parsippany USA"]
[Date "2011.02.20"]
[Round "3"]
[White "Samuelson,A"]
[Black "Joshi,Sa"]
[Result "1/2-1/2"]
[WhiteElo "2165"]
[BlackElo "2387"]

1.e4 c5 2.Nf3 d6 3.d4 cxd4 4.Nxd4 Nf6 5.Nc3 Nc6 6.Bg5 e6 7.Qd2 a6 8.O-O-O h6
9.Nxc6 bxc6 10.Bf4 d5 11.Qe3 Qa5 12.Be2 Bb7 13.Bf3 Bc5 14.Qd3 O-O-O 15.exd5 cxd5
16.Kb1 Bd6 17.Bd2 Qc7 18.Rhe1 Kb8 19.Na4 Nd7 20.Qb3 Rc8 21.Bc3 Rhg8 22.Bd4 Qc4
23.Re3 g6 24.Be2 Qxb3 25.Rxb3 Rc6 26.Be3 h5 27.f4 Kc7 28.g3 Rc8 29.Rdd3 Nc5
30.Nxc5 Bxc5 31.Bxc5 Rxc5 32.Rd4 a5 33.Re3 Kd6 34.Bd3 Ra8 35.c3 Ba6 36.Bc2 Bc4
37.b3 Bf1 38.Kc1 Rac8 39.Kd2 Bb5 40.b4 axb4 41.Rxb4 Bc6 42.a4 Ra5 43.Re1 Kc5
44.Ra1 Rg8 45.Re1 Rga8 46.Ra1 Rg8 47.Re1 Rga8 48.Ra1 Rg8  1/2-1/2

[Event "31st TCh-IND 2011"]
[Site "Kochi IND"]
[Date "2011.02.23"]
[Round "2"]
[White "Asem Indrajit Singh"]
[Black "Bakre,T"]
[Result "0-1"]
[WhiteElo "1807"]
[BlackElo "2530"]

1.e4 c5 2.Nf3 d6 3.d4 cxd4 4.Nxd4 Nf6 5.Nc3 Nc6 6.Bg5 e6 7.Qd2 Be7 8.O-O-O a6
9.Bxf6 gxf6 10.Kb1 Nxd4 11.Qxd4 b5 12.f4 Bb7 13.Rg1 Rc8 14.f5 d5 15.Qd2 b4
16.Nxd5 exd5 17.exd5 Qc7 18.g4 Bxd5 19.Bxa6 Bxa2+ 20.Kc1 Rb8 21.Rge1 O-O
22.Qh6 Bb3 23.Re2 Ra8 24.Bd3 Rfd8 25.Rxe7 Qxc2+ 26.Bxc2 Ra1+ 27.Bb1 Rxd1+  0-1

[Event "31st TCh-IND 2011"]
[Site "Kochi IND"]
[Date "2011.02.23"]
[Round "2"]
[White "Deepak,Ka"]
[Black "Das,Arg"]
[Result "0-1"]
[WhiteElo "2170"]
[BlackElo "2479"]

1.e4 c5 2.Nf3 d6 3.d4 cxd4 4.Nxd4 Nf6 5.Nc3 Nc6 6.Bg5 Qb6 7.Nb3 e6 8.Qd2 Be7
9.Bxf6 gxf6 10.f4 Bd7 11.O-O-O O-O-O 12.Be2 h5 13.Bf3 Kb8 14.Rhe1 Na5 15.Nxa5 Qxa5
16.Kb1 Rc8 17.Re3 f5 18.e5 d5 19.Ne2 Qxd2 20.Rxd2 h4 21.Nd4 Bf8 22.Rf2 Bc5
23.Rd2 Rcg8 24.Re1 Bf8 25.Rf2 Bh6 26.Be2 Rg6 27.h3 Bf8 28.c3 Rg3 29.Bf1 a6
30.Rd2 Be7 31.Kc2 Rc8 32.Rd3 Rgg8 33.Rd2 Ka7 34.Re3 Bc5 35.Kb1 Rg7 36.Re1 Bxd4
37.cxd4 Bb5 38.Bxb5 axb5 39.Rc1 Rc4 40.b3 Rxc1+ 41.Kxc1 Rg3 42.Kd1 Kb6 43.Ke1 Rc3
44.Ke2 Rg3 45.Kf2 Ka5 46.Rc2 Rd3 47.Rc7 Rxd4 48.Ke3 Re4+ 49.Kf3 Kb4 50.g3 hxg3
51.Kxg3 Re3+ 52.Kg2 d4 53.h4 d3 54.h5 d2 55.Rd7 Kc3 56.Rc7+ Kb2 57.Rd7 Kc2
58.h6 Rd3 59.Rxd3 Kxd3 60.h7 d1=Q 61.h8=Q Qg4+ 62.Kh1 Qf3+ 63.Kg1 Qxf4 64.Qf6 Ke2  0-1

[Event "ch-Poltava"]
[Site "Lubny UKR"]
[Date "2011.02.23"]
[Round "6"]
[White "Solovchuk,A"]
[Black "Tverdohlebov,V"]
[Result "1/2-1/2"]
[WhiteElo "2308"]
[BlackElo "2392"]

1.e4 c5 2.Nf3 Nc6 3.d4 cxd4 4.Nxd4 Nf6 5.Nc3 d6 6.Bg5 e6 7.Qd2 a6 8.O-O-O Bd7
9.f4 Be7 10.Nf3 b5 11.e5 b4 12.exf6 bxc3 13.Qxc3 gxf6 14.f5 Rg8 15.fxe6 fxe6
16.Be3 Qa5 17.Qxa5 Nxa5 18.Bb6 Nc6 19.g3 Kf7 20.Bh3 Rac8 21.Rhf1 Ke8 22.Bd4 e5
23.Bxd7+ Kxd7 24.Bg1 Ke6 25.Kb1 d5 26.c3 Rb8 27.Nh4 Na5 28.Nf5 Nc4 29.b3 Bf8
30.Ka1 Nd6 31.Ne3 Rb5 32.Kb2 f5 33.a4 Rc5 34.Nxf5 Nxf5 35.g4 Nd4 36.cxd4  1/2-1/2

[Event "61st ch-RUS w 1st League"]
[Site "Ivanovo RUS"]
[Date "2011.02.24"]
[Round "4"]
[White "Kostrikina,A"]
[Black "Komiagina,M"]
[Result "0-1"]
[WhiteElo "2079"]
[BlackElo "2272"]

1.e4 c5 2.Nf3 Nc6 3.d4 cxd4 4.Nxd4 Nf6 5.Nc3 d6 6.Bg5 e6 7.Qd2 a6 8.O-O-O Bd7
9.f3 Rc8 10.g4 b5 11.Be3 h6 12.h4 Ne5 13.Bd3 b4 14.Nce2 d5 15.g5 dxe4 16.Bxe4 Nxe4
17.fxe4 Nc4 18.Qd3 Nxe3 19.Qxe3 hxg5 20.hxg5 Rxh1 21.Rxh1 e5 22.Nb3 Qc7 23.Qd2 Be6
24.Kb1 a5 25.Nbc1 Rd8 26.Qe3 a4 27.g6 f6 28.Ng3 Bg4 29.Nd3 a3 30.Nf2 Be6
31.b3 Rd4 32.Ne2 Rd8 33.Rh8 f5 34.exf5 Bxf5 35.Nd3 Bxg6 36.Nxb4 Rd1+ 37.Nc1 Qd6
38.Nd3 e4 39.Nf2 Rd4 40.Ne2 Rd5 41.Nf4 Re5 42.c3 Bf5 43.Ne2 g6 44.Kc2 Re7
45.Nd4 Qf6 46.Rh1 Bg7 47.b4 Rc7 48.Nb5 Rd7 49.Kb3 Qe6+ 50.c4 Qe5 51.Nxa3 Qb2+
52.Ka4 Bd4 53.Rh8+ Bxh8 54.Nxe4 Qe5 55.Nf6+ Bxf6 56.Qxe5+ Bxe5  0-1

[Event "9th TCh-IND w 2011"]
[Site "Kochi IND"]
[Date "2011.02.25"]
[Round "4"]
[White "Soumya,Sw"]
[Black "Nimmy,A"]
[Result "1/2-1/2"]
[WhiteElo "2353"]
[BlackElo "2208"]

1.e4 c5 2.Nf3 d6 3.d4 cxd4 4.Nxd4 Nf6 5.Nc3 Nc6 6.Bg5 e6 7.Qd2 a6 8.O-O-O h6
9.Be3 Bd7 10.f3 b5 11.Nxc6 Bxc6 12.Ne2 Qc7 13.g4 Rc8 14.Kb1 Nxe4 15.Qd3 Ng5
16.Nd4 Bxf3 17.Nxf3 Nxf3 18.Bf4 Ne5 19.Bxe5 dxe5 20.Bg2 Be7 21.Be4 O-O 22.Qf3 a5
23.Bd3 b4 24.Rdf1 Qc6 25.Be4 Qc4 26.h4 g6 27.h5 g5 28.Bd3 Qd5 29.Be4 Qc4
30.Bd3 Qd5 31.Be4 Qc5 32.Bd3 Qd5  1/2-1/2

[Event "ch-Poltava"]
[Site "Lubny UKR"]
[Date "2011.02.25"]
[Round "10"]
[White "Golub,S UKR"]
[Black "Tverdohlebov,V"]
[Result "0-1"]
[WhiteElo "2156"]
[BlackElo "2392"]

1.e4 c5 2.Nf3 d6 3.d4 cxd4 4.Nxd4 Nf6 5.Nc3 Nc6 6.Bg5 e6 7.Qd2 a6 8.O-O-O h6
9.Be3 Nxd4 10.Qxd4 Be7 11.f3 b5 12.g4 Bd7 13.h4 Qb8 14.g5 hxg5 15.Bxg5 a5
16.f4 b4 17.Nb1 Qa7 18.Qd3 Bc6 19.Bg2 Rd8 20.Bf3 Qc5 21.Rhe1 a4 22.a3 bxa3
23.Nxa3 Qb4 24.Qc4 Qb7 25.Re3 O-O 26.h5 d5 27.exd5 Nxd5 28.Bxd5 Bxd5 29.Rxd5 Bxg5
30.Rxd8 Bxd8 31.Qe4 Qb6 32.Nc4 Qc5 33.Ne5 Bf6 34.Nd7 Bxb2+ 35.Kxb2 Qb5+ 36.Ka3 Qxd7
37.Qxa4 Qd6+ 38.Ka2 Qd5+ 39.Qb3 Ra8+ 40.Kb2 Qd4+ 41.Qc3 Rb8+ 42.Kc1 Qxf4
43.Qd3 Qg5 44.Qe2 Rb5 45.c4 Rb3  0-1

[Event "e2e4.org.uk Brighton Masters B"]
[Site "Brighton ENG"]
[Date "2011.02.26"]
[Round "7"]
[White "Sreeves,C"]
[Black "Slavin,A"]
[Result "0-1"]
[WhiteElo "2093"]
[BlackElo "2417"]

1.e4 c5 2.Nf3 d6 3.d4 cxd4 4.Nxd4 Nf6 5.Nc3 Nc6 6.Bg5 e6 7.Qd2 a6 8.O-O-O Bd7
9.f3 h6 10.Be3 Qc7 11.Kb1 Na5 12.g4 b5 13.Bd3 Nc4 14.Bxc4 bxc4 15.Ka1 Rb8
16.h4 g6 17.Nde2 Qb7 18.Rb1 Bc6 19.Qd4 e5 20.Qxc4 d5 21.exd5 Nxd5 22.Bc5 Nb4
23.Nd4 Bxc5 24.Qxc5 f6 25.Rhe1 Kf7 26.Qc4+ Kg7 27.Ne6+ Kh7 28.Rec1 Bxf3 29.a3 Rhc8
30.Nc5 Nd5 31.h5 Nxc3 32.hxg6+ Kxg6 33.bxc3 Qe7 34.Rxb8 Rxb8 35.Qd3+ Kg7
36.Nb3 Qxa3+ 37.Kb1 Bc6 38.g5 hxg5 39.Qc4 Qd6 40.Qxa6 Rxb3+  0-1

[Event "TCh-Paulista"]
[Site "Sao Paolo BRA"]
[Date "2011.02.26"]
[Round "2.6"]
[White "Tsuboi,E"]
[Black "Coelho,L"]
[Result "1/2-1/2"]
[WhiteElo "2380"]
[BlackElo "2392"]

1.e4 c5 2.Nf3 Nc6 3.d4 cxd4 4.Nxd4 Nf6 5.Nc3 d6 6.Bg5 e6 7.Qd2 Be7 8.O-O-O Nxd4
9.Qxd4 O-O 10.f4 Qa5 11.Bc4 Bd7 12.e5 dxe5 13.fxe5 Bc6 14.Bd2 Nd7 15.Nd5 Qc5
16.Nxe7+ Qxe7 17.Rhe1 Nb6 18.Bf1 Rfd8 19.Qg4 Rac8 20.Bb4 Rxd1+ 21.Rxd1 Qe8
22.b3 Nd5 23.Bd2 f5 24.exf6 Nxf6 25.Qg5 Be4 26.c4 Bg6 27.Be3 b5 28.Kb2 bxc4
29.Bxc4 Nd5 30.Bxd5 exd5 31.Qxd5+ Kh8 32.Bc5 h6 33.Rd2 Qb5 34.b4 a5 35.a3 axb4
36.axb4 Qf1 37.Rd1 Qe2+ 38.Rd2 Qf1 39.Rd1 Qe2+ 40.Rd2  1/2-1/2

[Event "1st Donetsk Masters"]
[Site "Donetsk UKR"]
[Date "2011.02.27"]
[Round "4"]
[White "Vatinyan,G"]
[Black "Iljin,T"]
[Result "0-1"]
[WhiteElo "1960"]
[BlackElo "2473"]

1.e4 c5 2.Nf3 Nc6 3.d4 cxd4 4.Nxd4 Nf6 5.Nc3 d6 6.Bg5 Bd7 7.Qd2 Rc8 8.O-O-O Nxd4
9.Qxd4 Qa5 10.Bxf6 gxf6 11.Kb1 Qc5 12.Qxc5 Rxc5 13.Nd5 f5 14.b4 Rc8 15.exf5 Bxf5
16.Bd3 Be6 17.Nf4 Bd7 18.Rhe1 Bg7 19.Nd5 e6 20.a3 Kd8 21.Ne3 Bc3 22.Re2 d5
23.f4 a5 24.bxa5 Rc5 25.Ka2 Rxa5 26.Rb1 b5 27.Nd1 Bf6 28.c3 Be7 29.Rb3 Bd6
30.Reb2 Bxf4 31.Bxb5 Bxh2 32.Bxd7 Kxd7 33.Rf2 f5 34.g4 Bg3 35.Rf3 f4 36.Ne3 h5
37.gxh5 Rxh5 38.Nf1 Rg5 39.Rb2 Ra8 40.Nxg3 fxg3 41.Rg2 Rag8 42.Kb3 e5 43.Re3 Kd6
44.Re1 Kc5 45.a4 e4 46.Re3 Rg4 47.a5 d4 48.cxd4+ Kxd4 49.Rc3 e3 50.Kc2 Ke4
51.Rg1 g2 52.a6 Kf3 53.a7 Kf2 54.Rb3 Kxg1 55.Rb8 Ra4 56.Rxg8 Rxa7 57.Kd3 Kf2
58.Rf8+ Ke1 59.Rg8 Ra3+ 60.Kc2 e2 61.Rxg2 Kf1 62.Rh2 e1=Q 63.Rh1+ Ke2  0-1

[Event "61st ch-RUS w 1st League"]
[Site "Ivanovo RUS"]
[Date "2011.02.28"]
[Round "8"]
[White "Stepovaia Dianchenko,T"]
[Black "Sazonova,E"]
[Result "1-0"]
[WhiteElo "2389"]
[BlackElo "2162"]

1.e4 c5 2.Nf3 d6 3.d4 cxd4 4.Nxd4 Nf6 5.Nc3 Nc6 6.Bg5 Bd7 7.Nxc6 bxc6 8.Be2 e5
9.O-O Be6 10.Qd3 h6 11.Bh4 g5 12.Bg3 Be7 13.Na4 O-O 14.c4 Nd7 15.Rad1 f5
16.exf5 Bxf5 17.Qd2 Qe8 18.b4 Nb6 19.Nc3 Be6 20.c5 dxc5 21.bxc5 Bxc5 22.Ne4 Bd4
23.Nxg5 Rd8 24.Nxe6 Qxe6 25.Qc2 Kg7 26.Qe4 Rd6 27.Bd3 Rh8 28.Kh1 Nd7 29.Qe2 h5
30.h4 c5 31.Rfe1 Bc3 32.Bc4 Qf6 33.Rxd6 Qxd6 34.Rd1 Bd4 35.Qf3 Nf6 36.Qf5 Re8
37.Qg5+ Kf8 38.Rb1 Qe7 39.Rb7  1-0

[Event "27th Open"]
[Site "Cappelle la Grande FRA"]
[Date "2011.03.01"]
[Round "5.30"]
[White "Szabo,Krisz1"]
[Black "Przezdziecka,E"]
[Result "1-0"]
[WhiteElo "2517"]
[BlackElo "2127"]

1.e4 c5 2.Nf3 Nc6 3.d4 cxd4 4.Nxd4 Nf6 5.Nc3 d6 6.Bg5 e6 7.Qd2 a6 8.O-O-O Bd7
9.f3 h6 10.Be3 b5 11.Nxc6 Bxc6 12.Ne2 Qc7 13.Nd4 Bb7 14.g4 e5 15.Nb3 d5 16.Na5 dxe4
17.Nxb7 Qxb7 18.Qc3 Be7 19.Qxe5 O-O 20.Bd4 Rad8 21.fxe4 Bd6 22.Qf5 Qxe4 23.Qxe4 Nxe4
24.c3 Bf4+ 25.Kc2 Rfe8 26.a4 Nd6 27.Bd3 Nc4 28.Rde1 Rxe1 29.Rxe1 Bxh2 30.b3 Nd6
31.Re7 Ra8 32.Rd7 Rc8 33.Ra7 Rc6 34.Ra8+ Rc8 35.Rxa6 bxa4 36.Rxa4 g6 37.Ra5 Nb7
38.Rd5 Nd8 39.Bc4 Ne6 40.Bf6 Re8 41.b4 g5 42.Rd1 Bg3 43.Rh1 Bh4 44.b5 Rb8
45.Be5 Rb7 46.Rf1 Nf4 47.Bd4 Bg3 48.b6 Ne6 49.Bxe6 fxe6 50.c4 e5 51.Bg1 Bf4
52.c5 e4 53.c6 Re7 54.Rxf4  1-0

[Event "61st ch-RUS w 1st League"]
[Site "Ivanovo RUS"]
[Date "2011.03.01"]
[Round "9"]
[White "Bukhteeva,V"]
[Black "Shaidullina,S"]
[Result "1-0"]
[WhiteElo "2144"]
[BlackElo "2207"]

1.e4 c5 2.Nf3 d6 3.d4 Nf6 4.Nc3 cxd4 5.Nxd4 Nc6 6.Bg5 Bd7 7.Bxf6 gxf6 8.Nf5 Qa5
9.Bb5 a6 10.Bxc6 bxc6 11.Qd3 Rb8 12.O-O h5 13.b4 Qb6 14.a4 Rg8 15.Rab1 Qb7
16.b5 axb5 17.axb5 cxb5 18.Nxb5 Bxb5 19.c4 Qd7 20.Rxb5 Rc8 21.Rfb1 e6 22.Nd4 Rg5
23.Rb7 Qa4 24.Nb5 Qxc4 25.Qxc4 Rxc4 26.Rb8+ Kd7 27.h4 Rg8 28.Ra1 Rc8 29.Ra7+ Kd8
30.Rbb7 Rc4 31.Kh2 Rg4 32.Rxf7 Rxh4+ 33.Kg3 Rg4+ 34.Kf3 Ke8 35.Rh7 Rc8 36.Nc7+ Kd8
37.Nxe6+ Ke8 38.Rh8 Rc3+ 39.Ke2 Rxe4+ 40.Kd2 Rxe6 41.Kxc3 Re2 42.Ra8+ Kd7
43.Raxf8 Rxf2 44.Rfg8 Rf5 45.Kd4 Ra5 46.Rh7+ Kc6 47.Rh6 Rf5 48.Rgg6 Rd5+
49.Ke4 f5+ 50.Kf4 Kc5 51.Rxh5 Rd4+ 52.Ke3 Rd5 53.Rgg5  1-0

[Event "61st ch-RUS w 1st League"]
[Site "Ivanovo RUS"]
[Date "2011.03.01"]
[Round "9"]
[White "Valiullina,L"]
[Black "Dogodkina,J"]
[Result "1/2-1/2"]
[WhiteElo "1938"]
[BlackElo "2070"]

1.e4 c5 2.Nf3 d6 3.d4 cxd4 4.Nxd4 Nf6 5.Nc3 Nc6 6.Bg5 e6 7.Qd2 Be7 8.O-O-O Nxd4
9.Qxd4 a6 10.f4 h6 11.Bxf6 gxf6 12.f5 Qa5 13.Bc4 Qc5 14.Qd3 Qe5 15.Rhe1 b5
16.Bb3 Ra7 17.g4 Rc7 18.Qf3 h5 19.gxh5 b4 20.Nd5 Rb7 21.Ne3 Qb5 22.Qg4 Qe5
23.Qg7 Rxh5 24.fxe6 fxe6 25.Qg8+ Bf8 26.Qg6+ Kd8 27.Qg8 Ke8 28.Qg6+ Kd8 29.Qg8 Ke8
30.Qg6+  1/2-1/2

[Event "27th Open"]
[Site "Cappelle la Grande FRA"]
[Date "2011.03.02"]
[Round "6.65"]
[White "Hortensius,L"]
[Black "Demuth,A"]
[Result "0-1"]
[WhiteElo "2122"]
[BlackElo "2360"]

1.e4 c5 2.Nf3 Nc6 3.d4 cxd4 4.Nxd4 Nf6 5.Nc3 d6 6.Bg5 e6 7.Qd2 a6 8.O-O-O Nxd4
9.Qxd4 Be7 10.f4 O-O 11.Bd3 h6 12.Bxf6 Bxf6 13.e5 dxe5 14.Qe4 g6 15.fxe5 Bg7
16.h4 Qc7 17.h5 Qxe5 18.Qxe5 Bxe5 19.hxg6 f5 20.Rde1 Bf4+ 21.Kb1 Kg7 22.Na4 Bc7
23.Nc5 e5 24.Bc4 Kxg6 25.Ne6 Bxe6 26.Bxe6 Rad8 27.Rd1 Kg5 28.c3 h5 29.Kc2 b6
30.Rhf1 Rxd1 31.Kxd1 Rf6 32.Bc8 a5 33.Ke2 e4 34.Rd1 Rd6 35.Rxd6 Bxd6 36.Bd7 Kf4
37.Bc6 h4 38.Bd7 Bc5 39.Bc8 Ke5 40.Bd7 Bf8 41.Bc8 Bh6 42.Bd7 Bc1 43.b3 Ba3
44.Bb5 Bb2 45.Kd2 Kf4 46.Bd7 Ba3 47.Ke2 Be7 48.a4 Ke5 49.Bc8 Bf6 50.Bd7 h3
51.gxh3 f4 52.Bb5 f3+ 53.Kd2 Kf4 54.b4 e3+ 55.Kd1 Bxc3 56.bxa5 bxa5  0-1

[Event "27th Open"]
[Site "Cappelle la Grande FRA"]
[Date "2011.03.02"]
[Round "6.63"]
[White "Kuipers,S"]
[Black "Przezdziecka,E"]
[Result "1-0"]
[WhiteElo "2381"]
[BlackElo "2127"]

1.e4 c5 2.Nf3 Nc6 3.d4 cxd4 4.Nxd4 Nf6 5.Nc3 d6 6.Bg5 e6 7.Qd2 a6 8.O-O-O Bd7
9.f4 h6 10.Bh4 Nxe4 11.Qe1 Nf6 12.Nf5 Qa5 13.Nxd6+ Bxd6 14.Rxd6 Qc7 15.Rd2 O-O-O
16.Bxf6 gxf6 17.Qe3 Ne7 18.Bd3 Bc6 19.Rhd1 f5 20.g3 Rd7 21.Bc4 Rhd8 22.Rxd7 Rxd7
23.Rxd7 Qxd7 24.Qe5 Ng6 25.Qc5 Qe7 26.Qa7 Qb4 27.Qd4 Kc7 28.a3 Qd6 29.Qe3 h5
30.h4 Qd8 31.Qf2 Ne7 32.Be2 Qh8 33.Qc5 Kd7 34.Qa7 Kd6 35.Kd2 Nd5 36.Nxd5 Bxd5
37.Qb6+ Kd7 38.Ke3 Qg8 39.Kf2 Qh8 40.c4 Be4 41.Ke3 Qg8 42.Qd4+ Ke7 43.Kf2 Qh7
44.Qe5 Qh6 45.b4 Qh7 46.a4 Bc6 47.a5 Qg8 48.Qc7+ Kf6 49.Bxh5 Qe8 50.Qe5+ Ke7
51.Be2 Be4 52.h5 Qd8 53.Qc5+ Kf6 54.Ke3 Qg8 55.Qe5+ Ke7 56.g4 f6 57.Qc7+ Kf8
58.Qd8+ Kf7 59.Qxg8+ Kxg8 60.gxf5 exf5 61.Bf3  1-0

[Event "Brunei IM2 2011"]
[Site "Bandar Seri Begawan BRU"]
[Date "2011.03.04"]
[Round "2"]
[White "Munir,Azizi Bin Ahmad"]
[Black "Yee Soon Wei"]
[Result "0-1"]
[WhiteElo "1928"]
[BlackElo "2285"]

1.e4 c5 2.Nf3 Nc6 3.d4 cxd4 4.Nxd4 Nf6 5.Nc3 d6 6.Bg5 Qa5 7.Bxf6 gxf6 8.f4 Bd7
9.Nb3 Qd8 10.Qh5 e6 11.O-O-O a6 12.Be2 b5 13.a3 Qb6 14.Rhf1 b4 15.axb4 Nxb4
16.f5 Be7 17.Bc4 Qe3+ 18.Kb1 Qg5 19.Qe2 h5 20.Nd4 e5 21.Nf3 Qg4 22.Qd2 Rc8
23.Bb3 Bc6 24.h3 Qg3 25.Ne1 Rg8 26.Rf3 Qh4 27.Nd5 Nxd5 28.Bxd5 Kf8 29.Bxc6 Rxc6
30.Rb3 Kg7 31.Nf3 Qxe4 32.g4 Rgc8 33.Rc1 hxg4 34.hxg4 Bd8 35.Re3 Qf4 36.Qe2 d5
37.Rb3 Bb6 38.Qg2 Be3 39.Rh1 Rxc2  0-1

[Event "TCh-CZE 2010-11"]
[Site "Czech Rep CZE"]
[Date "2011.03.05"]
[Round "8.4"]
[White "Bures,J"]
[Black "Plachetka,J"]
[Result "1/2-1/2"]
[WhiteElo "2373"]
[BlackElo "2350"]

1.e4 c5 2.Nf3 d6 3.d4 cxd4 4.Nxd4 Nf6 5.Nc3 Nc6 6.Bg5 e6 7.Qd2 Qb6 8.O-O-O Nxd4
9.Qxd4 Qxd4 10.Rxd4 a6 11.f3 Bd7 12.Bc4 Bc6 13.Bh4 Be7 14.Bg3 O-O-O 15.Rhd1 Kc7
16.Ne2 Rd7 17.Bb3 Nh5 18.Be1 Rc8 19.g4 Bg5+ 20.Bd2 Bxd2+ 21.R4xd2 Nf6 22.h4 h6
23.g5 hxg5 24.hxg5 Nh7 25.g6 Nf8 26.gxf7 Rxf7 27.Nd4 Bd7 28.Rg2 g6 29.Kd2 Re8
30.Ke3 Rf6 31.Re1 Re7 32.Rg5 Ref7 33.Rg3 Kd8 34.Re2 a5 35.a3 b6 36.c3 Be8
37.Rh2 Ke7 38.Rh6 Nd7 39.Ne2 Nc5 40.Ba2 Rg7 41.Nd4  1/2-1/2

[Event "TCh-CZE 2010-11"]
[Site "Czech Rep CZE"]
[Date "2011.03.05"]
[Round "8.4"]
[White "Krejci,Jan2"]
[Black "Likavsky,T"]
[Result "0-1"]
[WhiteElo "2439"]
[BlackElo "2466"]

1.e4 c5 2.Nf3 d6 3.d4 cxd4 4.Nxd4 Nf6 5.Nc3 Nc6 6.Bg5 e6 7.Qd2 a6 8.O-O-O Be7
9.f4 Nxd4 10.Qxd4 b5 11.Bxf6 gxf6 12.e5 d5 13.f5 O-O 14.Bd3 fxe5 15.Qxe5 Bf6
16.Qg3+ Kh8 17.Rhf1 Ra7 18.Kb1 b4 19.Qf2 Qc7 20.Na4 e5 21.Nb6 Rd8 22.Be2 Bb7
23.Nd7 Rxd7 24.Qxa7 e4 25.Bxa6 Qe5 26.c3 bxc3 27.Rf2 d4 28.Bxb7 d3 29.Qa3 c2+
30.Kc1 Qxb2+  0-1

[Event "TCh-CZE 2010-11"]
[Site "Czech Rep CZE"]
[Date "2011.03.05"]
[Round "8.8"]
[White "Kriebel,T"]
[Black "Skliba,M"]
[Result "1-0"]
[WhiteElo "2321"]
[BlackElo "2305"]

1.e4 c5 2.Nf3 d6 3.d4 cxd4 4.Nxd4 Nf6 5.Nc3 Nc6 6.Bg5 e6 7.Qd2 a6 8.O-O-O Bd7
9.Kb1 b5 10.Nxc6 Bxc6 11.f3 Be7 12.h4 O-O 13.Bd3 Qc7 14.Ne2 Rfd8 15.Nd4 Bb7
16.g4 e5 17.Nf5 d5 18.Qh2 Rac8 19.h5 dxe4 20.fxe4 Nd5 21.Nxe7+ Nxe7 22.h6 g6
23.Bf6 Rd7 24.Bxe5 Qc6 25.Bc3 Qe6 26.Rhf1 Nc6 27.a3 Ba8 28.Rf6 Qe7 29.Rdf1 Rf8
30.e5 b4 31.axb4 Nd8 32.Bxg6 hxg6 33.h7+ Kh8 34.e6  1-0

[Event "TCh-NED"]
[Site "Netherlands NED"]
[Date "2011.03.12"]
[Round "7.6"]
[White "Mostertman,M"]
[Black "Nijboer,F"]
[Result "1/2-1/2"]
[WhiteElo "2209"]
[BlackElo "2582"]

1.e4 c5 2.Nf3 Nc6 3.d4 cxd4 4.Nxd4 Nf6 5.Nc3 d6 6.Bg5 e6 7.Qd2 a6 8.O-O-O Be7
9.f4 Nxd4 10.Qxd4 b5 11.Be2 Bb7 12.Bf3 Rc8 13.e5 Bxf3 14.exf6 gxf6 15.gxf3 Rc4
16.Qd3 fxg5 17.f5 d5 18.Qe3 d4 19.Qe5 O-O 20.fxe6 Bd6 21.Qf5 Rc5 22.exf7+ Rxf7
23.Qd3 dxc3 24.Qxd6 cxb2+ 25.Kxb2 Qxd6 26.Rxd6 Rxf3 27.Re1 a5 28.Re7 Rf7
29.Re2 Kg7 30.Ra6 b4 31.Kb3 Rf3+ 32.Kb2 h5 33.Ree6 Rf2 34.Ra7+ Rf7 35.Raa6 g4
36.Rg6+ Kh7 37.Rh6+ Kg7 38.Rag6+ Kf8 39.Rh8+ Ke7 40.Rgh6 Rf2  1/2-1/2

[Event "ch-Southern FR Men"]
[Site "Armavir RUS"]
[Date "2011.03.15"]
[Round "4"]
[White "Gladkov,K"]
[Black "Kondenko,A"]
[Result "1-0"]
[WhiteElo "2077"]
[BlackElo "2253"]

1.e4 c5 2.Ne2 Nc6 3.d4 cxd4 4.Nxd4 Nf6 5.Nc3 d6 6.Bg5 Bd7 7.Qd2 Rc8 8.O-O-O a6
9.f3 e6 10.Kb1 Be7 11.Be3 h5 12.Bd3 Qc7 13.Rhe1 Nxd4 14.Bxd4 e5 15.Be3 Be6
16.Bg5 O-O 17.f4 Bg4 18.fxe5 dxe5 19.Bxf6 Bxf6 20.Nd5 Qd8 21.Be2 Bg5 22.Qd3 Bxe2
23.Qxe2 g6 24.Rd3 Kg7 25.Red1 Bh6 26.Qf2 Rc6 27.h3 h4 28.Nb4 Qb6 29.Qe1 Rc4
30.Nd5 Qc5 31.c3 Bg5 32.b3 Qb5 33.Ka1 Rc6 34.Qe2 a5 35.Qg4 f6 36.g3 a4 37.b4 Bh6
38.gxh4 Qc4 39.Ne7 f5 40.Nxf5+ Rxf5 41.exf5 e4 42.Rg3 Kf6 43.fxg6 Bg7 44.Qd7 a3
45.Qf7+ Qxf7 46.Rf1+ Ke6 47.gxf7  1-0